00307nam a22000977a 4500082000800000245011100008260002600119500003200145650002300177650000900200 a540 aTheme seminar on Integrated chemical Education to meet Emerging challenges in the new millennium june 2002 aColombobIchemcc2002 aThirty First Annual session achemical education a2002